Tsjechië Trivia Quiz - Statistieken

Algemene statistieken
  • Deze quiz is 744 keer genomen
  • De gemiddelde score is 10 van 19
Antwoordstatistieken
Hint Antwoord % Correct
Hoofdstad Praag
99%
Aangrenzende landen Duitsland
92%
Aangrenzende landen Polen
90%
Aangrenzende landen Slowakije
90%
Aangrenzende landen Oostenrijk
89%
Land waar Tsjechië tot 1993 deel van was Tsjecho-Slowakije
74%
Valuta Koruna
53%
Stad die bekend staat om zijn bier Pilsen
50%
Grootste automaker Škoda Auto
49%
Land dat in 1968 is binnengevallen Sovjet-Unie
46%
Beroemde brug in die stad {Karel}sbrug
40%
Rivier die ontspringt in het Reuzengebergte en uitmondt in de Noordzee in Duitsland Elbe
37%
Rijk waar Tsjechië in 1002 tot 1806 deel van uitmaakte Heilige Roomse Rijk
35%
Grootste regio Bohemen
32%
Meest populaire sport (naast voetbal) IJshockey
31%
Auteur van verontrustende boeken zoals "De Gedaanteverwisseling" Franz Kafka
24%
Auteur die president was tussen 1993 en 2003 Václav Havel
18%
De keren dat er politici uit een Tsjechisch raam werden gegooid Eerste/Tweede {Praagse} {Defenestratie}
11%
Reus waar het Reuzengebergte naar vernoemd is Rübezahl
4%
Geen overeenkomende quizzen gevonden
Scoreverdeling
Procent van Mensen met Elke Score
Percentiel versus Aantal Correcte Antwoorden
Uw Scoregeschiedenis
U heeft deze quiz nog niet genomen